| 000 | 00378nam a2200145Ia 4500 | ||
|---|---|---|---|
| 008 | 150201s2004 xx 000 0 und d | ||
| 082 |
_a617.692 _bI2004W |
||
| 100 | _aWATZEK, GEORG | ||
| 245 | _aIMPLANTS IN QUALITATIVELY COMPROMISED BONE | ||
| 250 | _a1ST | ||
| 260 |
_bQUINTESSENCE PUBLICATION _aCHICAGO _c2004 |
||
| 300 | _a1-181 | ||
| 650 | _aIMPLANTOLOGY | ||
| 942 |
_2ddc _cBK |
||
| 999 |
_c4441 _d4441 |
||